What can fly? / (Record no. 9382)

MARC details
000 -LEADER
fixed length control field 00945nam a22002897a 4500
001 - CONTROL NUMBER
control field 9382
003 - CONTROL NUMBER IDENTIFIER
control field FISKH
005 - DATE AND TIME OF LATEST TRANSACTION
control field 20251216151231.0
008 - FIXED-LENGTH DATA ELEMENTS--GENERAL INFORMATION
fixed length control field 251216b cb ||||| |||| 00| 0 eng d
020 ## - INTERNATIONAL STANDARD BOOK NUMBER
International Standard Book Number 9781877363955
040 ## - CATALOGING SOURCE
Original cataloging agency FISKH
Language of cataloging eng
Transcribing agency FISKH
Modifying agency FISKH
050 ## - LIBRARY OF CONGRESS CALL NUMBER
Classification number PZ7
082 ## - DEWEY DECIMAL CLASSIFICATION NUMBER
Classification number 428.6
100 ## - MAIN ENTRY--PERSONAL NAME
Personal name Holden, Pam
Relator term Author
245 ## - TITLE STATEMENT
Title What can fly? /
Statement of responsibility, etc. Written by Pam Holden ; Illustrated by Sandra Cammell
260 ## - PUBLICATION, DISTRIBUTION, ETC.
Place of publication, distribution, etc. Auckland :
Name of publisher, distributor, etc. Flying start books Ltd. ,
Date of publication, distribution, etc. 2005
300 ## - PHYSICAL DESCRIPTION
Extent 16 pages :
Other physical details color illustrations ;
Dimensions 20 cm
490 ## - SERIES STATEMENT
Series statement Red rocket readers
Volume/sequential designation Emergent - Fiction A
505 ## - FORMATTED CONTENTS NOTE
Formatted contents note C<br/>
520 ## - SUMMARY, ETC.
Summary, etc. Have you been flying in a plane? Was it fun to go flying? Do you know lots of things that can fly? Fiction Reading Level 2/F&P Level B
521 8# - TARGET AUDIENCE NOTE
Target audience note 50<br/>
Source Lexile BR<br/>
521 8# - TARGET AUDIENCE NOTE
Target audience note C<br/>
Source Raz-Plus<br/>
650 ## - SUBJECT ADDED ENTRY--TOPICAL TERM
Topical term or geographic name entry element Fiction
Form subdivision Animals
700 ## - ADDED ENTRY--PERSONAL NAME
Personal name Cammell, Sandra
Relator term Illustrator
942 ## - ADDED ENTRY ELEMENTS (KOHA)
Source of classification or shelving scheme Dewey Decimal Classification
Koha item type Books
Suppress in OPAC No
Holdings
Withdrawn status Lost status Source of classification or shelving scheme Damaged status Not for loan Collection Home library Current library Shelving location Date acquired Total Checkouts Full call number Barcode Date due Date last seen Date last checked out Copy number Price effective from Koha item type
    Dewey Decimal Classification     Non-Fiction Footprints International School Library Network Toul Tom Poung Campus Footprints International School Library Network Toul Kork Campus TTP Primary Green Bookshelves 12/16/2025 1 HOL 428.6 PZ7 FISTK04145 02/11/2026 01/28/2026 01/28/2026 1 12/16/2025 Books